| 000 | 00627cam a2200193 a 4500 | ||
|---|---|---|---|
| 001 | 000004889 | ||
| 005 | 20200929151528.0 | ||
| 008 | 910822s1990 ck l001 0 spa c | ||
| 020 | _a9589075177 | ||
| 040 |
_aDO-SdBNP _cTxU _dDLC |
||
| 082 |
_aC861.6 _bM337e |
||
| 100 | 1 |
_aMarín, Jorge, _d1966- _914144 |
|
| 245 | 1 | 0 |
_aEn este día tan lentamente aprendido / _cJorge Marín. |
| 260 |
_aMedellín : _bBiblioteca Pública Piloto de Medellín, Taller de Escritores, _c1990. |
||
| 300 |
_a130 p. ; _c17 cm. |
||
| 650 | 4 |
_aPoesía colombiana _93742 |
|
| 650 | 4 |
_aLiteratura colombiana _91244 |
|
| 910 | _aCatalogación por copia / LC | ||
| 999 |
_c4695 _d4695 |
||